Understanding bacteria (Record no. 1209447)

MARC details
000 -LEADER
fixed length control field 00792nam a2200277Ia 4500
003 - CONTROL NUMBER IDENTIFIER
control field OSt
005 - DATE AND TIME OF LATEST TRANSACTION
control field 20221007121845.0
008 - FIXED-LENGTH DATA ELEMENTS--GENERAL INFORMATION
fixed length control field 221006b |||||||| |||| 00| 0 eng d
020 ## - INTERNATIONAL STANDARD BOOK NUMBER
International Standard Book Number 1402016336 (hbd)
037 ## - SOURCE OF ACQUISITION
Terms of availability Textual
040 ## - CATALOGING SOURCE
Original cataloging agency BDL
Transcribing agency BDL
Language of cataloging eng
041 ## - LANGUAGE CODE
Source of code eng
Language code of text/sound track or separate title eng
100 ## - MAIN ENTRY--PERSONAL NAME
Personal name Srivastava Sheela
9 (RLIN) 431221
245 #0 - TITLE STATEMENT
Title Understanding bacteria
Remainder of title Srivastava P.S.
260 ## - PUBLICATION, DISTRIBUTION, ETC.
Place of publication, distribution, etc. Dordrecht
Name of publisher, distributor, etc. Kluwer Academic Publishers
Date of publication, distribution, etc. 2003
300 ## - PHYSICAL DESCRIPTION
Extent xvii.469p.
Dimensions cm.
500 ## - GENERAL NOTE
General note Index 409-468p
650 ## - SUBJECT ADDED ENTRY--TOPICAL TERM
Topical term or geographic name entry element Becteria
9 (RLIN) 550615
700 ## - ADDED ENTRY--PERSONAL NAME
Personal name Srivastava P.S.
942 ## - ADDED ENTRY ELEMENTS (KOHA)
Classification part I21, P3 Carb
Koha item type Textual
Source of classification or shelving scheme Colon Classification (CC)
Holdings
Withdrawn status Lost status Source of classification or shelving scheme Damaged status Not for loan Home library Current library Date acquired Total Checkouts Full call number Barcode Date last seen Price effective from Koha item type
    Colon Classification (CC)     Department of Botany Library Department of Botany Library 2022-10-07   I21 P3 Carb BD0004850 2022-10-07 2022-10-07 Textual
Copyright @ Delhi University Library System